01198nam a2200253 a 450000100100000000500170001000800410002702000150006804000250008308200200010810000620012824501110019026000420030130000210034350000630036459000260042765000280045365000310048191000420051295201320055495201180068695201230080499900170092700001026720240412074216.0091006nuuuuuuuudr r 000 p spa d a9945850032 aDO-SdBNPbspacBNPHU aRD861.44bJ58es1 aJesús Reinoso, José Antonio ded1967-jAnthony92528313aLa esencia del amor :b¡en peligro de extinción? (obra poética) /cJosé Antonio de Jesús Reinoso. aSanto Domingo :bGrafimundo,c[200?]. a147 p. ;c22 cm. aIncluye datos biográficos del autor en la contracubierta aInventariado, 2018/BT 0aPoesía dominicana966 0aLiteratura dominicana.967 aValidado. Control de calidad. MMOLINA 001054708DSaGRbGRcHDd2009-10-06iLF1l0oRD861.44 J58esp10267-30r2020-06-25te.3w2020-06-25yLFDSZPréstamo en sala 0010718PDaPDbPDcHDd2009-10-06iLF1l0oRD861.44 J58esp10267-10r2020-06-25w2020-06-25yLFPDZNo se presta 0010718PDaPDbPDcHDd2009-10-06iLF1l0oRD861.44 J58esp10267-20r2020-06-25te.2w2020-06-25yLFPDZNo se presta c10026d10026